Benchmarking of quality and costs on the transportation market

Významná úloha dopravy v ekonomických aktivitách vo všetkých regiónoch. Efektívne fungovanie dopravného systému je dôležitým článkom rozvojovej stratégie v Českej a Slovenskej republike. Benchmarking v doprave a jeho význam pre zvyšovanie efektívnosti. Benchmarking z pohľadu zákazníka. Zákazníci a i...

Ausführliche Beschreibung

Gespeichert in:
Bibliographische Detailangaben
1. Verfasser: Némethyová, Lucia
Format: Buchkapitel
Sprache:Englisch
Schlagworte:
Tags: Tag hinzufügen
Keine Tags, Fügen Sie das erste Tag hinzu!

MARC

LEADER 00000naa$a2200000$$$4500
001 0051907
005 20240711093022.4
041 0 |a eng 
044 |a CZ 
245 1 0 |a Benchmarking of quality and costs on the transportation market  |c Lucia Némethyová 
520 |a Významná úloha dopravy v ekonomických aktivitách vo všetkých regiónoch. Efektívne fungovanie dopravného systému je dôležitým článkom rozvojovej stratégie v Českej a Slovenskej republike. Benchmarking v doprave a jeho význam pre zvyšovanie efektívnosti. Benchmarking z pohľadu zákazníka. Zákazníci a ich požiadavky na dopravu. 
610 2 0 |a benchmarking 
610 2 0 |a doprava 
610 2 0 |a efektívnosť 
610 2 0 |a zákazníci 
610 2 0 |a Slovensko 
610 2 0 |a Česko 
100 1 |a Némethyová, Lucia